Wszystkie osiedla Gocławia - Statystyki

Ogólne statystyki
  • Ten quiz został rozwiązany 4 razy
  • Średni wynik to 4 z 6
Statystyki odpowiedzi
Osiedle % Poprawnych
Jantar
100%
Wilga
100%
Iskra
75%
Orlik
75%
Kępa gocławska
0%
Przyczółek gocławski
0%
Nie znaleziono quizów pasujących do podanych kryteriów
Rozkład punktacji
Procent ludzi z każdym wynikiem
Percentyl według liczby udzielonych odpowiedzi
Twoja historia wyników
Nie rozwiązałeś tego quizu